Countries that have controlled Rome - Statistics

General Stats
  • This quiz has been taken 30 times
    17 since last reset
  • The average score is 12 of 21
Answer Stats
Answer % Correct
Italian Republic 1946 - Present
94%
Roman Empire 27 BC - 286
94%
Roman Kingdom 753 BC - 509 BC
94%
Roman Republic 509 BC - 27 BC
94%
French Empire 1809 - 1814
81%
Papal States 756 - 1143
81%
Papal States 1193 - 1798
81%
Papal States 1799 - 1809
81%
Papal States 1814 - 1849
81%
Papal States 1849 - 1870
81%
Byzantine Empire 536 - 549
63%
Byzantine Empire 552 - 751
63%
Kingdom of Italy 1870 - 1943
44%
Kingdom of Italy 1944 - 1946
44%
Lombard Kingdom 751 - 756
31%
Western Roman Empire 286 - 476
31%
Italian Social Republic 1943 - 1944
19%
Ostrogothic Kingdom 493 - 536
19%
Ostrogothic Kingdom 549 - 552
19%
Odoacer's Kingdom 476 - 493
13%
Commune of Rome 1143 - 1193
6%
No matching quizzes found
Score Distribution
Percent of People with Each Score
Percentile by Number Answered
Your Score History
You have not taken this quiz since the last reset